Регионална библиотека "Любен Каравелов" - Русе

Зад гърба ми - вратите на ада (Запис номер 137221)

MARC детайли
000 -Лидер
Контролно поле с фиксирана дължина 01597nam a2200361 c 4500
003 - Код на организацията, давaща контролен номер
Контролно поле BLK
005 - Дата и час на последна редакция
Контролно поле 20201120142732.0
008 - Елементи от данни с фиксирана дължина
fixed length control field 180409b bul|||||r ||||||| ||bul||
010 ## - Наследен системен номер
LC control number KNG00143187000
020 ## - Международен стандартен номер на книга ISBN
Международен стандартен номер на книга ISBN 978-619-7040-01-2
-- издат.: Светлана Янчева - Изида
040 ## - Източник на каталожния запис
Идентификатор на билиотеката - собственик на записа BLK
041 ## - Код за език
Код за езика на текст/звукозапис или на отделно заглавие Български
Код за езика КДБФ Български
072 #7 - Код за тематичната категория
Код организация bullib
Код за тематична категория Н83
Текст Чужда художествена литература Н
080 ## - УДК
Текстов определител УДК Руска литература
УДК код - определител по УДК 821.161.1
УДК определител -312.4
УДК - код + определител 821.161.1-312.4
100 1# - Редна дума - Автор
Автор Данилова, Анна
Авторска отговорност първи автор
Автор - информация (биография) Дубчак, Анна Василиевна
R(LIN) 295778
139 ## - Редно поле
Редна дума Данилова, Анна
Авторски знак Дане - Д 18
245 10 - Сведения за заглавието
Заглавие Зад гърба ми - вратите на ада
Подзаглавни данни Роман
Редно поле (дума) Анна Данилова; прев. от рус. Мариян Петров; * Анна Василиевна Дубчак.
257 ## - Страна на издаване
Страна на създаване/издаване Русия
260 ## - Област на издателските данни
-- София
Име на издателя, разпространителя и проч. Светлана Янчева - Изида
Година на издаване 2013
300 ## - Физическа характеристика
Страници 256 с.
Размери/Мащаб 20 см
380 ## - Жанр
Жанр Худож. лит.
500 ## - Общи забележки
Забележка Анна Данилова е псевд. на Анна Василиевна Дубчак. - Ориг. загл. За спиной - двери в ад.
653 ## - Ключова дума – ненормативна
Ключова дума крими
653 ## - Ключова дума – ненормативна
Ключова дума романи
659 ## - Тематичен бюлетин
Тематичен бюлетин Н
700 1# - Други автори (авторска отговорност)
Лично име Петров, Мариян
Автороска отговорност (Описва отношението между автора и произведението) прев. от рус.
9 (RLIN) 370915
700 1# - Други автори (авторска отговорност)
Лично име Дубчак, Анна Василиевна
Автороска отговорност (Описва отношението между автора и произведението) *
9 (RLIN) 325746
852 ## - Местоположение
Форматна сигнатура Цб 259544
856 4# - Електронен адрес и достъп
Електронен формат pdf - файл
Път до файла /url/
856 4# - Електронен адрес и достъп
Електронен формат pdf - файл
Път до файла /url/
942 ## - АРТИКУЛИ
Вид на библиотечния материал Книги
Скрит в OPAC Не
Koha issues (borrowed), all copies 14
944 ## - СЪЗДАВАНЕ И РЕДАКЦИЯ на ЗАПИСА
Създаване/Редакция Създаване
Дата на регистрацията/редакция 28.05.2013
Статус, дата на статуса ф /
Служител, извършил регистрацията/редакцията Людмила_Стоянова
944 ## - СЪЗДАВАНЕ И РЕДАКЦИЯ на ЗАПИСА
Създаване/Редакция Редакция
Дата на регистрацията/редакция 25.01.2017
Статус, дата на статуса ф /
Служител, извършил регистрацията/редакцията Людмила_Стоянова
999 ## - СИСТЕМНИ КОНТРОЛНИ НОМЕРА
Koha biblionumber 137221
Koha biblioitemnumber 137221
Наличности
Код за отписване Код за изгубен артикул Източник на класификационната схема Код за повреда Коз за рестрикции Код за отдаване Артикулен № Име на библиотеката - собственик Име на библиотеката, в която се намира в момента Статус (Текущо местоположение) Дата на вписване в системата Местоположение - отдел Цена в лева Инвентарен номер Систематично азбучна сигнатура Баркод Номер на екземпляра Цена в евро Служебна бележка Служебен тип на артикула
  Не е изгубен Universal Decimal Classification Не е повреден без рестрикции заемане за дома 224391 Регионална библиотека "Любен Каравелов" Русе Регионална библиотека "Любен Каравелов" Русе Заемна - подръчен фонд 2013-05-27 Заемна - подръчен фонд 11.98 120000766266 П 882-31/Д 18 120000766266 1 6.13 Дост: Pk Вид: Ф N: 365 Дата: 27.05.2013 Дата инв: 09.02.2018 Бележки инв: П2018 Книги
Изтеглен Не е изгубен   Не е повреден без рестрикции заемане за дома 224392 Регионална библиотека "Любен Каравелов" Русе Регионална библиотека "Любен Каравелов" Русе Заемна - подръчен фонд 2013-05-27 Заемна - подръчен фонд 11.98 120000766267 П 882-31/Д 18 120000766267 2 6.13 Дост: Pk Вид: Ф N: 365 Дата: 27.05.2013 Дата инв: 09.02.2018 Бележки инв: П2018 Книги
  Не е изгубен   Не е повреден без рестрикции ползва се в читалня 224393 Регионална библиотека "Любен Каравелов" Русе Регионална библиотека "Любен Каравелов" Русе Хранилище 2014-06-04 Хранилище 11.98 120000777820 Цб 259544 120000777820 3 6.13 Дост: Pk Вид: Д N: 32 Дата: 29.07.2013 Книги
Изтеглен Не е изгубен   Не е повреден без рестрикции заемане за дома 224394 Регионална библиотека "Любен Каравелов" Русе Регионална библиотека "Любен Каравелов" Русе Заемна - подръчен фонд 2014-06-18 Заемна - подръчен фонд 5.00 120000778318 П 882-31/Д 18 120000778318 4 2.56 Дост: DA Вид: А N: 9 Дата: 18.06.2014 Дата инв: 09.02.2018 Бележки инв: П2018 Книги
  Не е изгубен   Не е повреден без рестрикции заемане за дома 224395 Регионална библиотека "Любен Каравелов" Русе Регионална библиотека "Любен Каравелов" Русе Заемна - подръчен фонд 2016-12-21 Заемна - подръчен фонд 2.50 120000806849 П 882-31/Д 18 120000806849 5 1.28 Дост: Pk Вид: Ф N: 475 Дата: 19.12.2016 Дата инв: 09.02.2018 Бележки инв: П2018 Книги
Vip Innovations Ltd, Rousse, Bulgaria 2025